| 000 | 02717nmm a2200289 a 4500 | ||
|---|---|---|---|
| 003 | CO-CtgCURN | ||
| 005 | 20250719151533.0 | ||
| 008 | 240624s2024 xx f 000 0 und d | ||
| 040 |
_aCO-CtgCURN _bspa _ccoctgcurn |
||
| 082 |
_aDER 2024 _bA681 |
||
| 100 |
_aArenas Gravini, Andreis Judith _eautora _99907 |
||
| 245 | 0 |
_aLímites y garantías para la protección de las víctimas del conflicto armado interno de Colombia los últimos 20 años dentro del marco del Derecho Internacional Humanitario. _h[electronic resource] / _cAndreis Judith Arenas Gravini; Andrea Carolina Ocampo Galvis; Oshany Alexa Watson Grinard; asesor., Helmer David Agualimpia Romero |
|
| 260 |
_aBarranquilla, Atlántico : _bCorporación Universitaria Rafael Núñez, _c2024 |
||
| 300 |
_a1 recurso en línea (31 páginas (PDF)) : _bilustraciones |
||
| 502 | _aTrabajo de Grado (Abogado). Corporación Universitaria Rafael Núñez. Facultad de Ciencias Sociales y Humanas. Programa de Derecho, 2024 | ||
| 504 | _aIncluye referencias bibliográficas | ||
| 520 | _aEsta investigación se hizo con la finalidad de identificar y determinar ¿cómo se pueden salvaguardar los límites y las garantías para la protección de las víctimas del conflicto armado interno de Colombia los últimos 20 años dentro del marco del derecho internacional humanitario? Teniendo en cuenta que el conflicto armado en Colombia ha dejado un rastro de violencia y sufrimiento a lo largo de décadas, afectando a millones de personas, las víctimas del conflicto han sido uno de los grupos más vulnerables y afectados. A medida que el país ha avanzado en el proceso de paz, se han implementado diversas medidas para proteger y garantizar los derechos de estas personas a raíz del conflicto, pero, sin embargo, a pesar de estos esfuerzos, aún existen límites y desafíos en su protección efectiva como las personas desplazadas, las mujeres y los niños etc. Además, la falta de seguridad en algunas zonas del país dificulta la implementación de medidas de protección efectivas y la identificación de responsables de violaciones de derechos humanos. | ||
| 521 | _aAREA PROFESIONAL | ||
| 590 | _aPrograma de Derecho_18 | ||
| 650 |
_aDerecho _vTesis y disertaciones académicas _99908 |
||
| 700 |
_aAgualimpia Romero, Helmer David _easesor _99909 |
||
| 700 |
_aOcampo Galvis, Andrea Carolina _eautora _99910 |
||
| 700 |
_aWatson Grinard, Oshany Alexa _eautora _99911 |
||
| 856 |
_uhttps://unicurn.sharepoint.com/:b:/s/biblioteca/EbdWPqyRlmZGr8kgITsIOWcB86a40LQg5y3r_TJWsYkkrw?e=j0iuyh _yConsulte aquí el texto completo |
||
| 942 |
_cTG _hDER 2024 _iA681 _2ddc _n0 |
||
| 999 |
_c714 _d714 |
||